Countries Air Routes Pass Over - Statistics

General Stats
  • This quiz has been taken 67 times
  • The average score is 31 of 46
Answer Stats
Hint Answer % Correct
Miami-Santiago United States
98%
Atlanta-Seoul United States
91%
Washington-Addis Ababa United States
85%
Atlanta-Seoul Canada
83%
Miami-Santiago Chile
83%
Miami-Santiago Cuba
83%
Miami-Santiago Peru
81%
Miami-Santiago Colombia
79%
London-Jeddah United Kingdom
79%
Miami-Santiago Ecuador
77%
London-Jeddah France
75%
Abu Dhabi-Singapore United Arab Emirates
75%
Washington-Addis Ababa Ethiopia
74%
Auckland-Bangkok New Zealand
74%
Miami-Santiago Panama
74%
London-Jeddah Saudi Arabia
74%
Atlanta-Seoul South Korea
74%
Atlanta-Seoul Russia
72%
Auckland-Bangkok Thailand
70%
Auckland-Bangkok Australia
68%
London-Jeddah Germany
68%
Atlanta-Seoul North Korea
68%
Abu Dhabi-Singapore Singapore
68%
Washington-Addis Ababa Sudan
68%
Atlanta-Seoul China
66%
London-Jeddah Egypt
66%
Abu Dhabi-Singapore India
66%
Abu Dhabi-Singapore Malaysia
66%
London-Jeddah Austria
64%
Abu Dhabi-Singapore Oman
62%
London-Jeddah Croatia
60%
London-Jeddah Greece
60%
London-Jeddah Italy
60%
Washington-Addis Ababa Libya
60%
Washington-Addis Ababa Tunisia
60%
Washington-Addis Ababa Algeria
58%
Auckland-Bangkok Indonesia
58%
London-Jeddah Albania
57%
Auckland-Bangkok Malaysia
57%
Atlanta-Seoul United States
57%
Washington-Addis Ababa Portugal
55%
Washington-Addis Ababa Spain
55%
Auckland-Bangkok Cambodia
53%
Abu Dhabi-Singapore Indonesia
51%
Auckland-Bangkok Vietnam
51%
Auckland-Bangkok East Timor
49%
No matching quizzes found
Score Distribution
Percent of People with Each Score
Percentile by Number Answered
Your Score History
You have not taken this quiz